000 00465cam a2200181ua 4500
001 894
008 110421n ii |||gr||||Z||||||eng
040 _cMAIN
082 _a320.954
245 1 _aIndian government and politics
_cby J.C. Johari
250 _a7th.
260 _aDelhi:
_bVishal publications,983.
300 _a992p.:
_c40cm.
653 _aPolitical science
653 _aIndian government and politics
700 _aJohari, J.C.,
_eAuthor.
942 _cBK
999 _c817
_d817